00539nam a2200133 a 4500008004100000050002200041100001700063245014900080260003900229300003000268650003600298650004800334650002300382220301s2019 ||||||||||||||||| || u aCBU-PG THESIS/MIC aMichelo, Ian10aPerceived influence on Corporate Social Responsibility on Employee Retention in the Mobile Telecommunication Industry in Zambia cBy Ian Michelo aKitwebCopperbelt Universityc2019 a86 pages : illustrations  aCORPORATE SOCIAL RESPONSIBILITY aMOBILE TELECOMMUNICATIONS COMPANIES--ZAMBIA aEMPLOYEE RETENTION